| 000 -LEADER |
| fixed length control field |
02025nam a2200265 a 4500 |
| 001 - CONTROL NUMBER |
| control field |
ASIN0745652794 |
| 005 - DATE AND TIME OF LATEST TRANSACTION |
| control field |
20170105102905.0 |
| 008 - FIXED-LENGTH DATA ELEMENTS--GENERAL INFORMATION |
| fixed length control field |
131022s2012 xxu eng d |
| 020 ## - INTERNATIONAL STANDARD BOOK NUMBER |
| International Standard Book Number |
0745652794 (paperback) |
| Terms of availability |
$28.95 |
| 020 ## - INTERNATIONAL STANDARD BOOK NUMBER |
| International Standard Book Number |
9780745652795 (paperback) |
| 040 ## - CATALOGING SOURCE |
| Original cataloging agency |
0 |
| 050 04 - LIBRARY OF CONGRESS CALL NUMBER |
| Classification number |
UB270 |
| 082 04 - DEWEY DECIMAL CLASSIFICATION NUMBER |
| Classification number |
327.12 |
| 100 1# - MAIN ENTRY--PERSONAL NAME |
| Personal name |
Gill, Peter. |
| 245 10 - TITLE STATEMENT |
| Title |
Intelligence in an insecure world / |
| Statement of responsibility, etc. |
Peter Gill, Mark Phythian. |
| 250 ## - EDITION STATEMENT |
| Edition statement |
2nd ed. |
| 260 ## - PUBLICATION, DISTRIBUTION, ETC. |
| Place of publication, distribution, etc. |
[S.l.] : |
| Name of publisher, distributor, etc. |
Polity, |
| Date of publication, distribution, etc. |
2012. |
| 300 ## - PHYSICAL DESCRIPTION |
| Extent |
272 p. ; |
| Dimensions |
25 cm. |
| 520 ## - SUMMARY, ETC. |
| Summary, etc. |
Over a decade on from the terrorist attacks of 9/11, intelligence continues to be of central importance to the contemporary world. Today there is a growing awareness of the importance of intelligence, and an increasing investment in it, as individuals, groups, organizations and states all seek timely and actionable information in order to increase their sense of security. But what exactly is intelligence? Who seeks to develop it and how? What happens to intelligence once it is produced, and what dilemmas does this generate? How can liberal democracies seek to mitigate problems of intelligence, and what do we mean by “intelligence failure?”’ In a fully revised and expanded new edition of their classic guide to the field, Peter Gill and Mark Phythian explore these and other questions. Together they set out a comprehensive framework for the study of intelligence, discussing how ‘intelligence’ can best be understood, how it is collected, analysed, disseminated and acted upon, how it raises ethical problems, and how and why it fails. Drawing on a range of contemporary examples, Intelligence in an Insecure World is an authoritative and accessible guide to a rapidly expanding area of enquiry - one which everyone has an interest in understanding. |
| 650 #0 - SUBJECT ADDED ENTRY--TOPICAL TERM |
| Topical term or geographic name entry element |
Espionage |
| 650 #0 - SUBJECT ADDED ENTRY--TOPICAL TERM |
| Topical term or geographic name entry element |
Intelligence service |
| 700 1# - ADDED ENTRY--PERSONAL NAME |
| Personal name |
Phythian, Mark. |
| 856 40 - ELECTRONIC LOCATION AND ACCESS |
| Materials specified |
Amazon.com |
| Uniform Resource Identifier |
<a href="http://www.amazon.com/exec/obidos/ASIN/0745652794/chopaconline-20">http://www.amazon.com/exec/obidos/ASIN/0745652794/chopaconline-20</a> |
| 942 ## - ADDED ENTRY ELEMENTS (KOHA) |
| Source of classification or shelving scheme |
|
| Koha item type |
Book |